Practical biostatistics for medical and health sciences / (Record no. 32536)

000 -LEADER
fixed length control field 00747nam a2200217 4500
008 - FIXED-LENGTH DATA ELEMENTS--GENERAL INFORMATION
fixed length control field 260619b |||||||| |||| 00| 0 eng d
020 ## - INTERNATIONAL STANDARD BOOK NUMBER
International Standard Book Number 9789819730858
040 ## - CATALOGING SOURCE
Original cataloging agency MksU
050 ## - LIBRARY OF CONGRESS CALL NUMBER
Classification number RA409
Item number .S26 2025
100 ## - MAIN ENTRY--PERSONAL NAME
Personal name Saneii, Seyed Hassan
245 ## - TITLE STATEMENT
Title Practical biostatistics for medical and health sciences /
Statement of responsibility, etc. Seyed Hassan Saneii, Hassan Doosti.
260 ## - PUBLICATION, DISTRIBUTION, ETC. (IMPRINT)
Place of publication, distribution, etc. Singapore :
Name of publisher, distributor, etc. Springer,
Date of publication, distribution, etc. 2025
300 ## - PHYSICAL DESCRIPTION
Extent 396 pages :
Other physical details illustrations ;
Dimensions 24 cm
504 ## - BIBLIOGRAPHY, ETC. NOTE
Bibliography, etc Include bibliographical references
650 ## - SUBJECT ADDED ENTRY--TOPICAL TERM
Topical term or geographic name as entry element Biostatistics.
650 ## - SUBJECT ADDED ENTRY--TOPICAL TERM
Topical term or geographic name as entry element Medical statistics.
650 ## - SUBJECT ADDED ENTRY--TOPICAL TERM
Topical term or geographic name as entry element Health sciences $x Statistical methods.
650 ## - SUBJECT ADDED ENTRY--TOPICAL TERM
Topical term or geographic name as entry element Data analysis.
700 ## - ADDED ENTRY--PERSONAL NAME
Personal name Doosti, Hassan
Relator term Author
942 ## - ADDED ENTRY ELEMENTS (KOHA)
Source of classification or shelving scheme
Classification part RA409 .S26 2025
Koha item type Hard Covered Materials
Holdings
Withdrawn status Lost status Source of classification or shelving scheme Damaged status Not for loan Home library Current library Shelving location Date acquired Source of acquisition Cost, normal purchase price Total Checkouts Full call number Barcode Date last seen Price effective from Koha item type
          MACHAKOS UNIVERSITY LIBRARY MACHAKOS UNIVERSITY LIBRARY Open shelf 12/06/2026 KNTCC 19628.00   RA409 .S26 2025 40636 19/06/2026 19/06/2026 Hard Covered Materials
          MACHAKOS UNIVERSITY LIBRARY MACHAKOS UNIVERSITY LIBRARY Open shelf 12/06/2026 KNTCC 19628.00   RA409 .S26 2025 40637 19/06/2026 19/06/2026 Hard Covered Materials
          MACHAKOS UNIVERSITY LIBRARY MACHAKOS UNIVERSITY LIBRARY Open shelf 12/06/2026 KNTCC 19628.00   RA409 .S26 2025 40638 19/06/2026 19/06/2026 Hard Covered Materials
© Machakos University Library, Along The Highway, Machakos Wote Rd, Machakos, Kenya P.O. Box 136 - 90100 Machakos - Kenya

Tel: ( +254 ) 723 805829 OR Fax : 044-20353 OR Email: library@mksu.ac.ke